000 00765nas a2200253 4500
001 BR0804343
003 BR-BrBNA
005 20231205111802.0
007 ta
008 230509b bl.|||p| |||| 00| 00por d
040 _aBR-BrBNA
_bpor
_cBiblioteca Nacional de Agricultura
041 _a(Pt)
072 _aQ03; Q53
100 1 _aCiscato, C.C.H.P.
100 1 _aGebara, A.B.
100 1 _aSpinosa, H. de S.
245 1 _aResíduos de pesticidas em leites bovino e humano
650 _aRESÍDUO QUÍMICO
650 _aPESTICIDA
650 _aLEITE
773 0 _tPesticidas. Revista de Ecotoxicologia e Meio Ambiente (Brazil)
_xISSN 0103-7277
_g(Jan-Dec 2004), v. 14 p. 25-38
_wBR0804343
909 _a202311
_bLúcia
_c55
_dLúcia Elande
942 _2AGRIS
_n0
_cANA
999 _c194477
_d194477